000 01520nam a2200397 i 4500
001 196971
003 ES-MaACL
005 20250814063303.0
008 250228s2011 sp | |||| 000 f spa
015 _aMON11
017 _aB 13116-2011
_bOficina Depósito Legal Barcelona
020 _a9788483651858
035 _a(OCoLC)864328126
035 _a(SpMaBN)a5388002
040 _aSpMaBN
_bspa
_cSpMaBN
_erdc
080 _a821.111-31"19"
100 1 _aAdams, Will,
_d1963-
_9239703
_eaut
240 1 4 _aThe Alexander Cipher
_lEspañol
245 1 3 _aEl secreto de Alejandro Magno :
_bcomienza una nueva era de aventura /
_cWill Adams ; [traducción, Carlos Schroeder].
250 _aPrimera edición: mayo 2011
260 _a[Tres Cantos, Madrid] :
_bSuma de Letras,
_c2013.
300 _a454 páginas ;
_c23 cm.
336 _aTexto (visual)
_2isbdcontent
337 _asin mediación
_2isbdmedia
338 _2rdacarrier
_avolumen
594 _aTítulo original: The Alexander Cipher
655 0 _9234459
_aNovelas de acción y aventuras
700 1 _aSchroeder, Carlos
_9239704
_etrl
852 _aES-MaACL
_cDEPOJ
_jN-10425
_hDonación: José Lázaro García
_xEncuaderanción rústica con solapas
_9206549
903 _9234219
_aLázaro García, José
_ednr
942 _cMONOGRAFIA
_n0
999 _c196971
_d196971